20 Biggest Cities in Illinois - Statistics

General Stats
  • This quiz has been taken 75 times
  • The average score is 13 of 20
Answer Stats
Hint Answer % Correct
2,638,159 Chicago
100%
111,959 Springfield
98%
150,568 Joliet
88%
150,520 Naperville
86%
176,679 Aurora
84%
145,270 Rockford
84%
109,665 Peoria
79%
89,462 Champaign
76%
74,155 Evanston
66%
112,874 Elgin
64%
87,149 Waukegan
64%
78,554 Bloomington
59%
79,706 Cicero
52%
74,860 Schaumburg
52%
67,917 Decatur
50%
73,520 Arlington Heights
41%
64,021 Skokie
41%
74,176 Bolingbrook
31%
63,932 Palatine
29%
57,195 Des Plaines
26%
No matching quizzes found
Score Distribution
Percent of People with Each Score
Percentile by Number Answered
Your Score History
You have not taken this quiz